000 00821cab a2200253 4500
001 ABS48472
008 090401t1993 xxu||||| |||| 00| 0 eng d
035 _a(Sirsi) u66972
041 _aeng
100 _aMillichap, D.
245 _aConservation areas face local plan policy head on
260 _c1993
350 _a0
490 _aPlanning (for the Natural and Built Environment)
_v(1015) 23 April 1993, 18-19(2)
520 _aDiscusses the implications of "Chorley v SoS Environment" and the use of conservation area tests of `character` and `appearance`.
650 _aCHORLEY V SOS ENVIRONMENT
650 _aCONSERVATION AREAS
650 _aLOCAL DEVELOPMENT PLANS
650 _aRURAL AREAS
650 _aSOCIAL HOUSING
690 _aPLANNING LAW AND PRACTICE
942 _n0
948 _c04/03/1997
999 _c41868
_d41868